| 000 | 00355nam a2200145Ia 4500 | ||
|---|---|---|---|
| 008 | 230917s9999||||xx |||||||||||||| ||und|| | ||
| 040 |
_e139938 _aMAIN |
||
| 041 | _aEnglish | ||
| 082 | _a954.5 K529H | ||
| 100 | _aKhushwant Singh | ||
| 245 | 0 | _aHistory of the Sikhs | |
| 260 |
_aDelhi _bOxford University Press _c1977 |
||
| 300 | _a411 p. | ||
| 942 | _cBK | ||
| 999 |
_c185175 _d185175 |
||